Central Library OPAC University of Rajshahi

Regional ecology : (Record no. 33928)

MARC details
000 -LEADER
fixed length control field 00746nam a2200253 a 4500
001 - CONTROL NUMBER
control field 33928
003 - CONTROL NUMBER IDENTIFIER
rucl marc code BD-RjUL
005 - DATE AND TIME OF LATEST TRANSACTION
control field 20211209052100.0
008 - FIXED-LENGTH DATA ELEMENTS--GENERAL INFORMATION
fixed length control field 170123s1970 us 001 0 eng d
020 ## - INTERNATIONAL STANDARD BOOK NUMBER
International Standard Book Number 0471212881
035 ## - SYSTEM CONTROL NUMBER
System control number (BD-RjUL)34020)
040 ## - CATALOGING SOURCE
Original cataloging agency DLC
Language of cataloging eng
Transcribing agency DLC
Modifying agency BD-RjUL
041 ## - LANGUAGE CODE
Language code of text/sound track or separate title eng
082 04 - DEWEY DECIMAL CLASSIFICATION NUMBER
Classification number 304.2
Author mark and year DIR 1970
Edition number 23
100 1# - MAIN ENTRY--PERSONAL NAME
Personal name Dickinson, Robert E.
9 (RLIN) 49849
245 10 - TITLE STATEMENT
Title Regional ecology :
Remainder of title the study of man's environment /
Statement of responsibility, etc. Robert E. Dickinson
260 ## - PUBLICATION, DISTRIBUTION, ETC. (IMPRINT)
Place of publication, distribution, etc. New York ;
-- London :
Name of publisher, distributor, etc. Wiley,
Date of publication, distribution, etc. 1970.
300 ## - PHYSICAL DESCRIPTION
Pagination xiii, 199 p. ;
Size 22 cm
504 ## - BIBLIOGRAPHY, ETC. NOTE
Bibliography, etc Includes bibliographical references and index
650 07 - SUBJECT ADDED ENTRY--TOPICAL TERM
Topical term or geographic name as entry element Regionalism
9 (RLIN) 103091
Topical term or geographic name as entry element ecology
9 (RLIN) 170271
Topical term or geographic name as entry element environment
9 (RLIN) 179730
942 ## - ADDED ENTRY ELEMENTS (KOHA)
Source of classification or shelving scheme Dewey Decimal Classification
Koha item type Books
Holdings
Lost status Source of classification or shelving scheme Damaged status Not for loan Collection code Permanent Location Current Location Shelving location Date acquired Source of acquisition Cost, normal purchase price Total Checkouts Full call number Date last seen Date checked out Copy number Koha item type
  Dewey Decimal Classification     Non-fiction Central Library, University of Rajshahi Central Library, University of Rajshahi   07/01/1975 Jonathan ware and com. 3.40 4 304.2 DIR 1970 29/10/2015 18/10/2015 C-2 Books
  Dewey Decimal Classification     Non-fiction Central Library, University of Rajshahi Central Library, University of Rajshahi   06/01/1975 Jonthon waren and co. ltd. London 3.40   304.2 DIR 1970 23/01/2017   C-3 Books